Effect des chaux sur le pH du sol et le redement de la tomate a la station experimentale de l'universite royale d'agriculture, ឥទ្ធិពលកំបោរទៅលើ ប៉េហាសដី និងទិន្នផលប៉េងប៉ោះនៅស្ថានីយ៍ពិសោធន៍ដំណាំនៃសាកលវិទ្យាល័យភូមិន្ទកសិកម្ម (Record no. 1526)
[ view plain ]
| 000 -LEADER | |
|---|---|
| fixed length control field | 00776nam a22001577a 4500 |
| 003 - CONTROL NUMBER IDENTIFIER | |
| control field | OSt |
| 005 - DATE AND TIME OF LATEST TRANSACTION | |
| control field | 20150930152801.0 |
| 008 - FIXED-LENGTH DATA ELEMENTS--GENERAL INFORMATION | |
| fixed length control field | 150930b xxu||||| |||| 00| 0 eng d |
| 040 ## - CATALOGING SOURCE | |
| Transcribing agency | RUA |
| 082 ## - DEWEY DECIMAL CLASSIFICATION NUMBER | |
| Classification number | AGR SRE 2008 B063 Or.1 |
| 100 ## - MAIN ENTRY--PERSONAL NAME | |
| 9 (RLIN) | 1616 |
| Personal name | SRENG, SOPHEAK. |
| 245 ## - TITLE STATEMENT | |
| Title | Effect des chaux sur le pH du sol et le redement de la tomate a la station experimentale de l'universite royale d'agriculture, ឥទ្ធិពលកំបោរទៅលើ ប៉េហាសដី និងទិន្នផលប៉េងប៉ោះនៅស្ថានីយ៍ពិសោធន៍ដំណាំនៃសាកលវិទ្យាល័យភូមិន្ទកសិកម្ម |
| 260 ## - PUBLICATION, DISTRIBUTION, ETC. (IMPRINT) | |
| Place of publication, distribution, etc. | Phnom Penh |
| Name of publisher, distributor, etc. | ill. |
| Date of publication, distribution, etc. | 29cm. |
| 300 ## - PHYSICAL DESCRIPTION | |
| Extent | iv; 50p. |
| Other physical details | ill. |
| Dimensions | 29cm. |
| 942 ## - ADDED ENTRY ELEMENTS (KOHA) | |
| Source of classification or shelving scheme | |
| Koha item type | AGR |
| Price effective from | Date last seen | Permanent Location | Not for loan | Date acquired | Source of classification or shelving scheme | Koha item type | Lost status | Withdrawn status | Date last checked out | Total Checkouts | Shelving location | Damaged status | Barcode | Current Location | Full call number |
|---|---|---|---|---|---|---|---|---|---|---|---|---|---|---|---|
| 2015-09-30 | 2015-09-30 | Library Block B | 2015-09-30 | AGR | B063 | RUA009986 | Library Block B | AGR SRE 2008 B063 Or.1 | |||||||
| 2015-09-30 | 2015-09-30 | Library Block B | 2015-09-30 | AGR | B063 | RUA009914 | Library Block B | AGR SRE 2008 B063 Or.2 | |||||||
| 2015-09-30 | 2015-09-30 | Library Block B | 2015-09-30 | AGR | B063 | RUA009770 | Library Block B | AGR SRE 2008 B063 Or.3 | |||||||
| 2015-09-30 | 2015-09-30 | Library Block B | 2015-09-30 | AGR | B063 | RUA009842 | Library Block B | AGR SRE 2008 B063 Or.4 | |||||||
| 2015-09-30 | 2015-09-30 | Library Block B | 2015-09-30 | AGR | B063 | RUA009361 | Library Block B | AGR SRE 2008 B063 Or.5 | |||||||
| 2015-09-30 | 2015-10-01 | Library Block B | 2015-09-30 | AGR | 2015-10-01 | 1 | B063 | RUA009853 | Library Block B | AGR SRE 2008 B063 Or.6 | |||||
| 2015-09-30 | 2015-10-01 | Library Block B | 2015-09-30 | AGR | 2015-10-01 | 1 | B063 | RUA009781 | Library Block B | AGR SRE 2008 B063 Or.7 | |||||
| 2015-09-30 | 2015-10-01 | Library Block B | 2015-09-30 | AGR | 2015-10-01 | 1 | B063 | RUA009991 | Library Block B | AGR SRE 2008 B063 Or.8 |